| 000 | 00671nam a22002057a 4500 | ||
|---|---|---|---|
| 999 |
_c18517 _d18517 |
||
| 003 | BDDh-ASL | ||
| 005 | 20231015025718.0 | ||
| 008 | 201012s1979 ii ||||| |||| 00| 0 eng d | ||
| 020 | _a0706906934 | ||
| 040 |
_aBDDh-ASL _cBDDh-ASL |
||
| 082 |
_a954 _bVEQ |
||
| 100 | 1 |
_91352 _aVenkataramani, M. S. |
|
| 245 | 1 | 0 |
_aQuit India: _bthe American response to the 1942 struggle/ |
| 260 |
_aNew Delhi: _bVikas Publishing House Pvt. Ltd. , _c1979. |
||
| 300 |
_ax, 350 p. : _c25 cm. |
||
| 504 | _aIncludes bibliographical references and index. | ||
| 650 | 0 |
_9955 _aPolitical History _xHistory _y1942 _zIndia _zAmerica |
|
| 700 | 1 |
_91353 _aShrivastava, B. K. |
|
| 942 |
_2ddc _cBK |
||